| 000 | 00691nam a2200277Ia 4500 | ||
|---|---|---|---|
| 008 | 160803s9999 xx 000 0 und d | ||
| 020 | _a9780590187503 (pbk.) | ||
| 100 | _aBaglio, Ben M. | ||
| 245 | _aPony on the porch / | ||
| 245 | _cBen M. Baglio ; illustrations by Shelagh McNicholas. | ||
| 260 | _aNew York : | ||
| 260 | _bScholastic Inc. | ||
| 260 | _c1994 | ||
| 300 | _a142, [8] pages : | ||
| 300 | _billustrations ; | ||
| 300 | _c20 cm. | ||
| 440 | _aAnimal Ark ; | ||
| 440 | _vbk. 2. | ||
| 650 | _aAnimals -- | ||
| 650 | _aHorses -- | ||
| 650 | _aVeterinarians -- | ||
| 650 | _xFiction. | ||
| 650 | _xFiction. | ||
| 650 | _xFiction. | ||
| 700 | _a550 | ||
| 999 |
_c298768 _d298768 |
||